LIBRARY ONLINE CATALOGUE

The Design and analysis of computer algorithms / (Record no. 2366)

MARC details
000 -LEADER
fixed length control field 00829nam a22002412 4500
001 - CONTROL NUMBER
control field 0000003997
005 - DATE AND TIME OF LATEST TRANSACTION
control field 20151217145748.0
008 - FIXED-LENGTH DATA ELEMENTS--GENERAL INFORMATION
fixed length control field 070517s xx 000 0 eng d
020 ## - INTERNATIONAL STANDARD BOOK NUMBER
International Standard Book Number 8178081032 :
Terms of availability KES 1,200
040 ## - CATALOGING SOURCE
Original cataloging agency KABU
Transcribing agency KABU
050 #0 - LIBRARY OF CONGRESS CALL NUMBER
Classification number QA76.6
Item number .A36 1974
100 1# - MAIN ENTRY--PERSONAL NAME
Personal name Aho, Alfred V.
-- 0000148420
245 14 - TITLE STATEMENT
Title The Design and analysis of computer algorithms /
Statement of responsibility, etc. Alfred Aho, John E. Hopcroft, Jeffrey D. Ullman.
260 ## - PUBLICATION, DISTRIBUTION, ETC. (IMPRINT)
Place of publication, distribution, etc. Patparganj, Delhi :
Name of publisher, distributor, etc. Pearson Education (Singapore),
Date of publication, distribution, etc. c1974.
300 ## - PHYSICAL DESCRIPTION
Extent x, 470 p. ;
Dimensions 24 cm.
650 #0 - SUBJECT ADDED ENTRY--TOPICAL TERM
Topical term or geographic name as entry element Computer programming.
-- 0000148161
650 #0 - SUBJECT ADDED ENTRY--TOPICAL TERM
Topical term or geographic name as entry element Computer algorithms.
-- 0000148170
700 1# - ADDED ENTRY--PERSONAL NAME
Personal name Hopcroft, John E.
-- 0000148421
700 1# - ADDED ENTRY--PERSONAL NAME
Personal name Ullman, Jeffrey D.
-- 0000148422
908 ## - PUT COMMAND PARAMETER (RLIN)
Put command parameter 070517
950 ## - LOCAL HOLDINGS (RLIN)
-- 1
Holdings
Withdrawn status Lost status Source of classification or shelving scheme Not for loan Home library Current library Date acquired Total Checkouts Full call number Barcode Date last seen Date last checked out Price effective from Koha item type
    Library of Congress Classification   Kabarak, Main Campus Kabarak, Main Campus 17/12/2015 2 QA76.6 .A36 1974 c. 2 002714 11/04/2022 06/04/2022 17/12/2015 General Collection